[Event "Manhattan op"]
[Site "New York"]
[Date "2011.08.21"]
[Round "9"]
[White "Lawson, Brian"]
[Black "Wang, Lidong"]
[Result "1-0"]
[WhiteElo "2083"]
[BlackElo "2170"]
[PlyCount "65"]
[EventDate "2011.08.17"]
[EventType "swiss"]
[EventRounds "9"]
[EventCountry "USA"]
[SourceTitle "CBM 143 Extra"]
[Source "ChessBase"]
[SourceDate "2011.08.29"]
[SourceVersion "1"]
[SourceVersionDate "2011.08.29"]
[SourceQuality "1"]

1. d4 Nf6 2. Nf3 g6 3. c4 Bg7 4. Nc3 0-0 5. Bf4 d6 6. e3 Nbd7 7. Be2 c6 8. 0-0 Qc7 9. h3 e5 10. Bh2 Qa5 11. Rb1 e4 12. Nd2 d5 13. b4 Qd8 14. b5 Nb6 15. bxc6 bxc6 16. c5 Nbd7 17. Qa4 Nxc5 18. dxc5 Bd7 19. Ba6 Nh5 20. Ne2 Qg5 21. Kh1 Qh4 22. Nf3 Qf6 23. Nfg1 g5 24. g4 Rae8 25. gxh5 Bxh3 26. Nxh3 Qf3+ 27. Kg1 Qxh3 28. Qxc6 Qxh5 29. Qxd5 Re6 30. Ng3 Qh4 31. Be2 Re5 32. Qc4 g4 33. Rfd1 1-0